Raja Aru Rajnagar (Record no. 4849)

MARC details
000 -LEADER
fixed length control field 00411cam a2200169ua 4500
008 - FIXED-LENGTH DATA ELEMENTS--GENERAL INFORMATION
fixed length control field 131008n ii |||gr||||Z||||||asm
040 ## - CATALOGING SOURCE
Transcribing agency MAIN
082 ## - DEWEY DECIMAL CLASSIFICATION NUMBER
Classification number 954.162
100 ## - MAIN ENTRY--PERSONAL NAME
Personal name Gogoi,Labanya,
Relator term
245 ## - TITLE STATEMENT
Title Raja Aru Rajnagar
Statement of responsibility, etc. by Labanya Gogoi
260 ## - PUBLICATION, DISTRIBUTION, ETC.
Place of publication, distribution, etc. Tinsukia:
Name of publisher, distributor, etc. Purbanchal Printers,
Date of publication, distribution, etc. 1978.
300 ## - PHYSICAL DESCRIPTION
Extent 52p.
942 ## - ADDED ENTRY ELEMENTS (KOHA)
Koha item type Books
653 ## - INDEX TERM--UNCONTROLLED
Uncontrolled term History
653 ## - INDEX TERM--UNCONTROLLED
Uncontrolled term Raja Aru Rajnagar
Holdings
Withdrawn status Lost status Damaged status Not for loan Home library Current library Shelving location Date acquired Total Checkouts Full call number Barcode Date last seen Copy number Price effective from Koha item type
        Naharkatiya College Library Naharkatiya College Library General Stacks 19/09/2020   954.162 | GOG 3538 19/09/2020 1 19/09/2020 Books

Naharkatiya College © 2020. All rights reserved.

Powered By